Instituciones de derecho privado romano : historia y sistema / Rodolfo Sohm ; traducción del alemán por W. Roces historia y sistema / Rodolfo Sohm ; traducción del alemán por W. Roces
Descripción Física:
711 p., [1] làm. frontal ; 22 cm
Materias:
Dret romà -- Institucions primitives
MARC
| LEADER | 00000nam a2200000Ia 4500 | ||
|---|---|---|---|
| 001 | 743 | ||
| 008 | 160829s1928 xx 000 0 cat d | ||
| 080 | |a D-1-89 | ||
| 100 | |a Sohm, Rudolf |9 37944 | ||
| 245 | |a Instituciones de derecho privado romano : |b historia y sistema / Rodolfo Sohm ; traducción del alemán por W. Roces | ||
| 250 | |a 17a ed., corr. / por L. Mitteis ; sacada a luz por L. Wenger | ||
| 260 | |a Madrid : |b Librería General de Victoriano Suárez, |c 1928 | ||
| 300 | |a 711 p., [1] làm. frontal ; |c 22 cm | ||
| 490 | |a Biblioteca de la Revista de Derecho Privado. Serie C ; 1 | ||
| 650 | |a Dret romà |x Institucions primitives |9 37945 | ||
| 700 | |a Roces, Wenceslao, tr. |9 19789 | ||
| 700 | |a Mitteis, Ludwig, ed. |9 37946 | ||
| 700 | |a Wenger, Leopold, ed. |9 37947 | ||
| 901 | |a Arxiu | ||
| 942 | |n 1 | ||
| 952 | |0 0 |1 0 |4 0 |6 D189 |7 1 |9 48163 |a Arxiu |b Arxiu |d 2016-12-01 |l 0 |o D-1-89 |p 743 |r 2016-12-01 00:00:00 |w 2016-12-01 |y ARXIU | ||
| 999 | |c 51966 |d 51966 | ||